[Event "3rd Gujarat GM Open 2022"]
[Site "Ahmedabad"]
[Date "2022.04.03"]
[Round "5.2"]
[White "Hesham, Abdelrahman"]
[Black "Nigmatov, Ortik"]
[Result "1/2-1/2"]
[WhiteElo "2425"]
[BlackElo "2445"]
[Annotator "TA"]
[PlyCount "153"]
[EventDate "2022.03.31"]
[EventType "swiss"]
[EventCountry "IND"]
[SourceTitle "playchess.com"]
[Source "ChessBase"]
[SourceQuality "1"]

{[%evp 22,153,22,0,12,0,16,10,14,10,14,4,35,3,9,11,7,5,19,16,18,11,27,11,21,0,25,0,50,0,0,0,0,-59,-42,-77,-77,-69,-73,-158,-131,-157,-99,-108,-8,-8,-8,0,0,0,0,0,0,0,0,0,0,0,0,0,0,0,0,0,0,0,0,0,0,0,0,0,0,0,0,0,0,0,0,0,0,0,0,0,0,0,0,0,0,0,0,0,0,0,0,0,0,0,0,0,8,8,8,0,0,0,0,0,0,-209,-209,-314,-314,-1923,-1902,-1862,-1862,-1164,-769,-552,-300,-1506,-1348,-798,-486,-4145,-12,-12,-12,-12,-12,-12,-12,-12]} 1. d4 Nf6 2. c4 g6 3. Nc3 d5 4. cxd5 Nxd5 5. e4 Nxc3 6. bxc3 Bg7 7. Bc4 O-O 8. Ne2 c5 9. O-O Nc6 10. Be3 Na5 {10...Bg4 is the recent fashion.} 11. Bd3 b6 12. Qd2 e5 {[%cal Rc5d4] D87: Exchange Grünfeld: Classical Line: Variations without ...cxd4.} 13. Bh6 f6 14. Bxg7 Kxg7 {[#]} 15. Qe3 $146 ({Predecessor:} 15. f4 cxd4 16. cxd4 Bg4 17. dxe5 Bxe2 18. exf6+ Rxf6 19. Qxe2 Qd4+ 20. Kh1 Rxf4 21. Rxf4 Qxa1+ {1-0 (137) Li,C (2590)-Howell,D (2561) Gaziantep 2008}) 15... Qe7 16. f4 Bb7 17. fxe5 fxe5 18. d5 c4 19. Bc2 Ba6 20. Kh1 Nb7 {[%cal Ba5b7,Bb7c5,Bc5d3,Bd3c1][%mdl 32]} 21. Ng1 Nc5 22. Qg3 Rae8 23. Rad1 Qd6 24. Rf3 Rf4 (24... Nd3 $11) 25. Rdf1 (25. Rxf4 $1 $14 exf4 26. Qf3) 25... Nd3 $11 26. Nh3 {[%cal Rc2d3]} (26. Bxd3 cxd3 27. c4 Bxc4 28. Rxf4 exf4 29. Rxf4 Kg8 $15) 26... Rxf3 27. Qxf3 (27. Rxf3 $11 Rf8 28. Rxf8 Qxf8 29. Kg1 (29. Bxd3 cxd3 30. Qe1 Bc4 $17)) 27... Rf8 $15 28. Qxf8+ Qxf8 29. Rxf8 Kxf8 {[%mdl 4096] Endgame KBN-KBN} 30. Ng5 (30. Kg1 $142) 30... Nc1 $1 $17 31. a4 ({Much worse is} 31. Nxh7+ Ke7 32. a4 Ne2) 31... Ke7 (31... Ne2 $142 $1 {[%cal Re2c3]} 32. d6 Bc8) 32. Kg1 Ne2+ (32... b5 $1 $17 {And now ...Ne2+ would win.} 33. Kf2 (33. axb5 Bxb5 34. Kf2 a5 $15) 33... bxa4 34. Bxa4 Na2) 33. Kf2 $11 Nxc3 34. Ke3 $1 b5 35. axb5 Nxb5 36. Nxh7 Nd4 37. Kd2 Bb5 38. Bd1 a5 {Hoping for ...a4.} 39. Kc3 a4 {...a3 is the strong threat.} 40. Kb4 a3 41. Kxa3 {aiming for Kb4.} c3 $1 42. Kb4 $1 Be2 (42... c2 $2 43. Bxc2 $1 {[%mdl 512]} Bf1 44. Ba4 $18) 43. Ba4 ({Wrong is} 43. Bxe2 $2 c2 44. Bb5 c1=Q $19) 43... c2 44. Bxc2 Nxc2+ 45. Kc5 Nd4 46. d6+ $1 Kf7 47. Kd5 Ne6 48. Kxe5 Bf1 49. g3 Bh3 50. Nf6 Nf8 51. Nd5 g5 52. Nb6 Ne6 53. Kd5 Nd8 54. Na4 Be6+ 55. Kc5 g4 56. Kb6 Bc4 57. Nc5 Ne6 58. Nd7 Be2 59. Kc6 Bf3 60. Kd5 Ng5 61. Nc5 Kf6 62. d7 Ke7 63. Kc6 {Strongly threatening Kc7.} Nf7 (63... Nxe4 $2 64. Kc7 $1 Nxc5 65. d8=Q+ $18) 64. Kc7 Nd8 $1 65. Kc8 $2 (65. Nd3 $11 {and White has nothing to worry.}) 65... Be2 $1 $19 66. Na4 (66. Kc7 $142) 66... Ne6 67. Nc5 $2 {Prevents Ba6+.} (67. Nb6 Ba6+ 68. Kb8) 67... Bb5 68. e5 Bc6 69. d8=Q+ Nxd8 70. Kc7 Bf3 {White must now prevent ...Ne6+.} 71. Nd3 $2 (71. Kb6) 71... Be4 72. Nf2 {[#]} Bf5 $1 {Threatens to win with ...Nf7.} 73. h3 (73. Nd1 $142 Nf7 74. Kc6 Nxe5+ 75. Kd5) 73... Ne6+ $2 (73... gxh3 $19 74. g4 {[#]} Bxg4 $1 {[%mdl 512]} 75. Nxh3 Bxh3) 74. Kb6 $1 $11 {The position is equal.} gxh3 75. g4 Bc2 76. Nxh3 Bd3 77. Nf2 {Weighted Error Value: White=0.09 (flawless) /Black=0.07 (flawless)} 1/2-1/2

[Event "3rd Gujarat GM Open 2022"]
[Site "Ahmedabad"]
[Date "2022.04.03"]
[Round "5.3"]
[White "Srihari L R"]
[Black "Abdisalimov, Abdimalik"]
[Result "1/2-1/2"]
[WhiteElo "2400"]
[BlackElo "2435"]
[Annotator "ChessBase"]
[PlyCount "84"]
[EventDate "2022.03.31"]
[EventType "swiss"]
[EventCountry "IND"]
[SourceTitle "playchess.com"]
[Source "ChessBase"]
[SourceQuality "1"]
[TimeControl "5400+30"]

1. d4 {[%emt 0:00:12]} d5 {[%emt 0:02:16]} 2. c4 {[%emt 0:00:18]} c6 {[%emt 0:00:06]} 3. Nf3 {[%emt 0:02:48]} Nf6 {[%emt 0:00:08]} 4. g3 {[%emt 0:00:12]} Bf5 {[%emt 0:11:04]} 5. Bg2 {[%emt 0:01:10]} e6 {[%emt 0:00:06]} 6. Nc3 {[%emt 0:02:23]} Nbd7 {[%emt 0:03:42]} 7. Nh4 {[%emt 0:11:32]} dxc4 {[%emt 0:22:51]} 8. Nxf5 {[%emt 0:08:05]} exf5 {[%emt 0:00:21]} 9. d5 {[%emt 1:08:20]} cxd5 {[%emt 0:03:39]} 10. O-O {[%emt 0:00:00]} Nb6 {[%emt 0:03:15]} 11. Be3 {[%emt 0:00:00]} Be7 {[%emt 0:02:27]} 12. Bxb6 {[%emt 0:00:00]} axb6 {[%emt 0:00:21]} 13. Nxd5 {[%emt 0:00:00]} b5 {[%emt 0:01:08]} 14. Ne3 {[%emt 0:00:00]} Qc8 {[%emt 0:01:47]} 15. a4 {[%emt 0:00:00]} Bc5 {[%emt 0:07:45]} 16. Nd5 {[%emt 0:00:00]} Nxd5 {[%emt 0:16:07]} 17. Qxd5 {[%emt 0:00:00]} O-O {[%emt 0:00:24]} 18. axb5 {[%emt 0:00:00]} Rxa1 {[%emt 0:00:04]} 19. Rxa1 {[%emt 0:00:00]} b6 {[%emt 0:00:13]} 20. e3 {[%emt 0:00:00]} Qe6 {[%emt 0:01:34]} 21. Qxe6 {[%emt 0:00:00]} fxe6 {[%emt 0:00:05]} 22. Bf1 {[%emt 0:00:00]} Kf7 {[%emt 0:00:31]} 23. Bxc4 {[%emt 0:00:00]} Rd8 {[%emt 0:00:29]} 24. b3 {[%emt 0:00:00]} Kf6 {[%emt 0:01:14]} 25. Kf1 {[%emt 0:00:00]} Rd7 {[%emt 0:01:06]} 26. Ra8 {[%emt 0:00:00]} Rd1+ {[%emt 0:00:52]} 27. Ke2 {[%emt 0:00:00]} Rd7 {[%emt 0:00:21]} 28. Rb8 {[%emt 0:00:00]} Rd6 {[%emt 0:00:26]} 29. Rb7 {[%emt 0:00:00]} Bb4 {[%emt 0:00:12]} 30. h3 {[%emt 0:00:00]} h5 {[%emt 0:02:47]} 31. f4 {[%emt 0:00:00]} g6 {[%emt 0:04:32]} 32. Kf3 {[%emt 0:00:00]} h4 {[%emt 0:04:01]} 33. g4 {[%emt 0:00:00]} g5 {[%emt 0:00:03]} 34. Rh7 {[%emt 0:00:26]} Kg6 {[%emt 0:05:49]} 35. Rh8 {[%emt 0:02:21]} gxf4 {[%emt 0:01:40]} 36. exf4 {[%emt 0:00:15]} Be1 {[%emt 0:02:11]} 37. g5 {[%emt 0:02:09]} Bc3 {[%emt 0:01:24]} 38. Re8 {[%emt 0:02:08]} Kf7 {[%emt 0:02:29]} 39. Rc8 {[%emt 0:00:15]} Bb4 {[%emt 0:00:00]} 40. Rc7+ {[%emt 0:02:19]} Kg6 {[%emt 0:00:00]} 41. Rc6 {[%emt 0:00:12]} Kf7 {[%emt 0:00:00]} 42. Rc7+ {[%emt 0:00:55]} Kg6 {[%emt 0:00:00]} 1/2-1/2

[Event "3rd Gujarat GM Open 2022"]
[Site "Ahmedabad"]
[Date "2022.04.03"]
[Round "5.4"]
[White "Nitin, S.."]
[Black "Anilkumar, O.T."]
[Result "1-0"]
[WhiteElo "2427"]
[BlackElo "1915"]
[Annotator "TA"]
[PlyCount "61"]
[EventDate "2022.03.31"]
[EventType "swiss"]
[EventCountry "IND"]
[SourceTitle "playchess.com"]
[Source "ChessBase"]
[SourceQuality "1"]

{[%evp 25,61,43,38,41,62,61,104,86,103,84,165,152,168,136,185,158,188,183,193,174,189,187,193,188,187,185,194,174,186,174,170,129,262,272,269,265,726,743]} 1. e4 e6 2. d4 d5 3. e5 c5 4. c3 Qb6 5. Nf3 Nc6 6. Be2 Bd7 7. O-O Nh6 8. Bxh6 gxh6 9. Qd2 Bg7 10. Na3 cxd4 11. cxd4 O-O 12. Nc2 f6 13. exf6 Rxf6 14. b4 {[%cal Bb2b4,Bb4b5][%mdl 32] C02: French: Advance Variation.} Ne7 15. Ne5 Ba4 16. b5 {[#] Nd7 is the strong threat. White is better.} Rf5 $146 (16... Bxb5 $2 17. Rab1 $18) ({Predecessor:} 16... Rc8 17. Ne3 Rf4 18. Bg4 Kh8 19. Qb4 Bxe5 20. Qxe7 Bxd4 21. Bxe6 Qd8 22. Qxb7 Rb8 23. Qxd5 Bxa1 24. Rxa1 Qxd5 25. Nxd5 {0-1 (50) Howell,D-Kelly,B (2464) Bunratty 2001}) 17. Bd3 {&Bianco is more active.} Bxc2 (17... Bxe5 $16 18. dxe5 Bxc2 19. Bxc2 Rh5) 18. Bxc2 $18 Rff8 19. Qd3 {[%csl Gc2][%cal Rd3h7]} Rf5 (19... Ng6 $16) 20. g4 Bxe5 21. gxf5 (21. dxe5 Rf7 $15) 21... Qxd4 22. Qxd4 ({Not} 22. fxe6 Qxd3 23. Bxd3 Bxa1 24. Rxa1 Rc8 $11) 22... Bxd4 23. Rad1 ({And not} 23. fxe6 Bxa1 24. Rxa1 Rc8 $11) 23... e5 {[#]} 24. Kh1 $1 Rc8 25. Bb3 Kf7 26. f4 {[%cal Of5f6] And now f6! would win.} Kf6 27. fxe5+ Bxe5 28. Rd3 {aiming for Rh3.} Rc5 (28... Rc3 $16 29. Rxc3 Bxc3) 29. Rh3 Ng8 30. Rd1 Kxf5 $2 (30... Rxb5 31. Bxd5 Ne7) 31. Rh5+ {Weighted Error Value: White=0.06 (flawless) /Black=0.33} 1-0

[Event "3rd Gujarat GM Open 2022"]
[Site "Ahmedabad"]
[Date "2022.04.03"]
[Round "5.5"]
[White "Delgado Ramirez, Neuris"]
[Black "Balaji Sekar"]
[Result "1-0"]
[WhiteElo "2615"]
[BlackElo "1189"]
[Annotator "TA"]
[PlyCount "97"]
[EventDate "2022.03.31"]
[EventType "swiss"]
[EventCountry "IND"]
[SourceTitle "playchess.com"]
[Source "ChessBase"]
[SourceQuality "1"]

{[%evp 14,97,10,0,0,10,10,6,3,10,10,11,15,12,13,8,7,8,17,18,14,0,0,0,0,0,20,16,11,16,28,0,46,33,49,17,20,0,0,0,0,0,0,0,0,-10,-8,-6,0,-60,0,0,0,0,0,0,0,0,0,0,0,0,5,4,68,58,63,61,106,68,197,142,29983,29984,29984,29985,29985,29986,29986,29986,29989,29985,29993,29994,29994,29995]} 1. e4 c5 2. Nf3 d6 3. d4 cxd4 4. Nxd4 Nf6 5. Nc3 a6 6. a4 e5 7. Nf3 Be7 8. Bg5 $1 {[%mdl 4] is currently scoring better than 8.Bc4.} Be6 {B90: Sicilian Najdorf: Unusual White 6th moves, 6 Be3 Ng4 and 6 Be3 e5.} 9. Bxf6 Bxf6 10. Nd5 {Against Qb6} Nd7 {The position is equal.} 11. Bc4 O-O 12. O-O Rc8 13. Qd3 Nb6 14. Nxf6+ Qxf6 15. Bxe6 Qxe6 16. Rfd1 Rc6 17. b3 {[#]} Nd7 $146 ({Predecessor:} 17... Rfc8 18. c4 Nd7 19. a5 Nc5 20. Qe3 Qg4 21. Nd2 Ne6 22. f3 Qg6 23. Nf1 Nd4 24. Rxd4 exd4 {½-½ (24) Gorkiewicz,M (2028)-Paseka,M (2052) Marianske Lazne 2022}) 18. c4 Nc5 19. Qe3 Qh6 20. Qxh6 gxh6 21. Nd2 a5 22. Rac1 Re8 (22... f5 $11) 23. Rc3 $14 Kf8 24. f3 Rb6 25. Nf1 Rxb3 26. Rxb3 Nxb3 27. Rxd6 $11 {[%mdl 4096] Endgame KRN-KRN} Nc5 28. Rd1 b6 29. Ra1 Rd8 30. Ne3 Rd2 31. Ng4 (31. Nf5 $11) 31... Nd3 ({Black should try} 31... h5 $1 $15 32. Ne3 Ke8) 32. Rb1 Rc2 33. Nf6 Rxc4 34. Nd7+ $1 Kg7 35. Nxb6 Rc2 36. g3 Nb2 37. Nd5 Nxa4 38. Ne3 Rc6 ({Black should play} 38... Rc3 $11 39. Nf5+ Kg6) 39. Ra1 $14 Nc5 40. Rxa5 Rc7 41. Rb5 Nd3 (41... h5 $14) 42. Rd5 $1 $18 Rc3 {[%mdl 8192] A mistake that costs the game.} (42... Rc1+ $16 43. Kg2 Nc5 44. Rxe5 Ne6) 43. Nf5+ {White mates.} Kg6 {[#]} 44. Rd6+ $1 f6 {[#]} 45. Rd7 $1 Rc1+ 46. Kg2 Rc2+ 47. Kh3 Nf2+ 48. Kh4 {[%csl Gf5][%cal Rd7g7]} Nxe4 49. fxe4 {Weighted Error Value: White=0.07 (flawless) /Black=0.30} 1-0

[Event "3rd Gujarat GM Open 2022"]
[Site "Ahmedabad"]
[Date "2022.04.03"]
[Round "5.6"]
[White "Kaustuv, Kundu"]
[Black "Savchenko, Boris"]
[Result "0-1"]
[WhiteElo "2308"]
[BlackElo "2535"]
[Annotator "TA"]
[PlyCount "62"]
[EventDate "2022.03.31"]
[EventType "swiss"]
[EventCountry "IND"]
[SourceTitle "playchess.com"]
[Source "ChessBase"]
[SourceQuality "1"]

{[%evp 9,62,-8,16,9,18,17,27,15,24,18,20,9,46,57,72,-5,37,32,25,35,27,31,42,22,23,29,26,19,18,14,29,17,25,18,27,0,0,0,0,0,0,0,0,0,-12,-64,-35,-98,-84,-96,-87,-116,-112,-104,-104]} 1. c4 e5 2. Nc3 Bb4 3. Nd5 Be7 4. d4 d6 5. e4 exd4 6. Qxd4 {A21: English Opening: 1...e5 2 Nc3.} Nf6 7. Nxe7 Qxe7 8. f3 $1 {White has an edge.} Nc6 9. Qc3 O-O 10. Ne2 {[%cal Bg1e2,Be2f4,Bf4d5][%mdl 32] 10.Be3 is not played anymore.} Nd7 {[%cal Bf6d7,Bd7b6,Bb6a4][%mdl 32]} 11. Nf4 $1 Nb6 12. Bd3 (12. Be3 $16) 12... Na4 13. Qa3 Nc5 14. O-O f5 {[%cal Rf5e4] [#]} 15. Nd5 $146 ({Predecessor:} 15. Be3 Nxd3 16. Qxd3 fxe4 17. Qd5+ Rf7 18. fxe4 Bd7 19. Rae1 Re8 20. b3 b6 21. Qd2 {½-½ (41) Bosiocic,M (2598)-Palac,M (2550) Zagreb 2019}) 15... Qd8 16. exf5 {[%cal Of5f6] White wants to play f6!} Nxd3 17. Qxd3 {[%cal Of5f6]} Bxf5 18. Qc3 Be6 19. Be3 Rf5 20. Rfd1 Ne5 21. b3 Ng6 22. Rd4 c5 23. Re4 Bxd5 24. cxd5 Qd7 25. Rd1 Re8 26. Rxe8+ Qxe8 27. Bc1 (27. Bf2 $1 $11) 27... Qf7 28. Bb2 (28. b4 $15) 28... h5 {Black is better.} 29. Qc4 Nf4 30. b4 b6 {[%cal Bb7b6,Bb6c5][%mdl 32]} ({But not} 30... Nxd5 31. bxc5 dxc5 32. Qe4 $14 (32. Qxc5 Qe6 $14)) 31. bxc5 bxc5 {Weighted Error Value: White=0.15 (very precise) /Black=0.08 (flawless)} 0-1

[Event "3rd Gujarat GM Open 2022"]
[Site "Ahmedabad"]
[Date "2022.04.03"]
[Round "5.7"]
[White "De Silva, L M S T"]
[Black "Fawzy, Adham"]
[Result "1/2-1/2"]
[WhiteElo "2220"]
[BlackElo "2476"]
[Annotator "ChessBase"]
[PlyCount "78"]
[EventDate "2022.03.31"]
[EventType "swiss"]
[EventCountry "IND"]
[SourceTitle "playchess.com"]
[Source "ChessBase"]
[SourceQuality "1"]
[TimeControl "5400+30"]

1. e4 {[%emt 0:00:04]} c5 {[%emt 0:02:28]} 2. Nf3 {[%emt 0:00:07]} Nc6 {[%emt 0:00:06]} 3. Bb5 {[%emt 0:00:08]} e6 {[%emt 0:00:06]} 4. O-O {[%emt 0:00:20]} Nge7 {[%emt 0:00:03]} 5. Re1 {[%emt 0:00:08]} b6 {[%emt 0:00:06]} 6. d4 {[%emt 0:02:36]} cxd4 {[%emt 0:02:04]} 7. Nxd4 {[%emt 0:01:25]} Nxd4 {[%emt 0:00:24]} 8. Qxd4 {[%emt 0:00:07]} Bb7 {[%emt 0:00:07]} 9. Nc3 {[%emt 0:05:40]} a6 {[%emt 0:00:06]} 10. Ba4 {[%emt 0:02:36]} b5 {[%emt 0:01:49]} 11. Bb3 {[%emt 0:00:51]} Nc6 {[%emt 0:01:40]} 12. Qd1 {[%emt 0:01:08]} Bc5 {[%emt 0:07:40]} 13. Be3 {[%emt 0:01:31]} d6 {[%emt 0:01:38]} 14. Qh5 {[%emt 0:13:26]} O-O {[%emt 0:07:05]} 15. Rad1 {[%emt 0:06:26]} Qf6 {[%emt 0:10:35]} 16. Bxc5 {[%emt 0:18:34]} g6 {[%emt 0:02:16]} 17. Bd4 {[%emt 0:12:01]} Nxd4 {[%emt 0:01:30]} 18. Qh3 {[%emt 0:03:00]} Rac8 {[%emt 0:10:52]} 19. Qd3 {[%emt 0:01:15]} Nxb3 {[%emt 0:00:21]} 20. cxb3 {[%emt 0:03:06]} Rfd8 {[%emt 0:00:16]} 21. Qd4 {[%emt 0:00:42]} Qe5 {[%emt 0:06:38]} 22. h3 {[%emt 0:01:56]} Qc5 {[%emt 0:01:31]} 23. a3 {[%emt 0:01:25]} Qxd4 {[%emt 0:03:43]} 24. Rxd4 {[%emt 0:00:10]} Kf8 {[%emt 0:00:01]} 25. Red1 {[%emt 0:00:35]} Ke7 {[%emt 0:00:02]} 26. f3 {[%emt 0:00:35]} g5 {[%emt 0:01:17]} 27. Kf2 {[%emt 0:01:58]} Rc5 {[%emt 0:00:44]} 28. g4 {[%emt 0:02:06]} Bc6 {[%emt 0:06:39]} 29. b4 {[%emt 0:02:19]} Re5 {[%emt 0:00:48]} 30. Ne2 {[%emt 0:00:34]} f5 {[%emt 0:07:19]} 31. exf5 {[%emt 0:00:30]} exf5 {[%emt 0:03:26]} 32. Ng3 {[%emt 0:00:08]} fxg4 {[%emt 0:00:07]} 33. hxg4 {[%emt 0:00:10]} Rf8 {[%emt 0:00:08]} 34. Nf5+ {[%emt 0:00:54]} Rfxf5 {[%emt 0:00:08]} 35. gxf5 {[%emt 0:00:07]} Rxf5 {[%emt 0:00:18]} 36. Rxd6 {[%emt 0:05:42]} Bxf3 {[%emt 0:00:37]} 37. Rd7+ {[%emt 0:00:27]} Ke6 {[%emt 0:00:01]} 38. R1d6+ {[%emt 0:00:15]} Ke5 {[%emt 0:00:01]} 39. Ke3 {[%emt 0:14:58]} Be4 {[%emt 0:03:18]} 1/2-1/2

[Event "3rd Gujarat GM Open 2022"]
[Site "Ahmedabad"]
[Date "2022.04.03"]
[Round "5.8"]
[White "Krishna C R G"]
[Black "Wagh Suyog"]
[Result "1/2-1/2"]
[WhiteElo "2466"]
[BlackElo "2232"]
[Annotator "TA"]
[PlyCount "110"]
[EventDate "2022.03.31"]
[EventType "swiss"]
[EventCountry "IND"]
[SourceTitle "playchess.com"]
[Source "ChessBase"]
[SourceQuality "1"]

{[%evp 9,110,2,26,0,2,-1,0,0,22,20,14,13,18,14,15,14,21,13,12,14,14,9,3,10,13,7,25,29,35,38,46,39,48,35,42,18,40,0,75,14,30,24,29,34,32,38,32,0,9,8,12,15,10,0,0,0,0,0,19,0,0,0,0,0,0,-12,0,-54,-10,-6,0,-45,0,-11,0,-17,-7,0,0,0,0,0,0,0,0,-6,-6,-14,-8,-12,0,-10,0,-9,0,0,-2,-6,-4,-16,-10,-23,-8]} 1. Nf3 d5 2. e3 c6 3. c4 Nf6 4. Nc3 e6 5. d4 Nbd7 6. Nd2 {D45: Semi-Slav: 5 e3.} Bd6 7. g3 e5 {[#]} 8. cxd5 $146 {The position is equal.} ({Predecessor:} 8. Bg2 exd4 9. exd4 Qe7+ 10. Qe2 Qxe2+ 11. Kxe2 dxc4 12. Nxc4 Bc7 13. d5 O-O 14. dxc6 bxc6 15. Bxc6 {½-½ (24) Gerbich,V (2398)-Ibragimov,V (2444) ICCF email 2016}) 8... cxd5 9. Bg2 $1 exd4 10. exd4 Qe7+ 11. Ne2 O-O 12. O-O Re8 13. Nc3 Nb6 {[%cal Bd7b6,Bb6c8,Bc8e7,Be7c6][%mdl 32]} 14. Qb3 Be6 15. a4 Rad8 16. a5 Nc8 17. Re1 (17. Bxd5 $2 Nxd5 18. Nxd5 Qg5 $19) 17... a6 (17... h6 {is more complex.} 18. Nxd5 Nxd5 19. Bxd5 Bxg3 20. Bxe6 Bc7) 18. Nf1 {And now Bg5 would win.} ({Much weaker is} 18. Bxd5 Nxd5 19. Nxd5 Qg5 20. Rxe6 Rxe6 $17) 18... Qd7 19. Bg5 {Hoping for Bxf6.} (19. Bxd5 $2 Nxd5 20. Nxd5 Bb8 21. Rxe6 Qxe6 $19) 19... Be7 {[%cal Of6e4]} 20. Ne3 Ne4 21. Bxe7 Nxe7 22. Na4 Qc7 23. Nb6 {[%cal Ob6d5]} (23. Rec1 $5 {[%cal Rc1c7]} Qd7 24. Nc5 Nxc5 25. Rxc5 $14) 23... Nf6 {[#]} (23... f5 $1 $11 {keeps the balance.}) 24. Rec1 {&Bianco is more active.} (24. Nbxd5 $1 $16 Nexd5 25. Nxd5 Bxd5 26. Rxe8+ Rxe8 27. Bxd5) 24... Qd6 25. Na4 Nc6 26. Nc5 Bc8 ({Weaker is} 26... Nxd4 27. Qd3 Qe5 28. f4 $16) 27. Qc3 {[%cal Oc5a6]} Na7 28. Nb3 Nc6 29. Qc5 h5 30. Qxd6 Rxd6 31. Rc5 {[%cal Re3d5]} Be6 32. Rac1 Nd7 33. R5c2 Nf6 34. Bf1 Rb8 35. h3 g6 36. Bg2 Bd7 37. Rc5 {[%cal Re3d5]} Be6 38. Nd1 (38. R5c2 $11) 38... Nd7 39. R5c3 Nf6 40. Rc5 Nd7 41. R5c2 Nf6 42. Nc3 Bd7 43. Rd2 Kg7 44. Ra1 b6 45. axb6 Rxb6 46. Nc5 Bc8 47. Bf1 Rb4 48. Ra4 Rxa4 49. N3xa4 Nb4 50. Re2 Nc6 51. Rd2 ({Don't go for} 51. Nb6 $2 {[#]} Nxd4 $1 52. Nxc8 Nxe2+ 53. Bxe2 Rc6 54. Nxa6 Rxc8 $19) 51... Nb4 52. Rd1 Ne8 53. Nc3 Nc7 54. Ra1 Nc2 {[%csl LRa1,LRd4]} 55. Ra4 Rb6 {Weighted Error Value: White=0.09 (flawless) /Black=0.09 (flawless)} 1/2-1/2

[Event "3rd Gujarat GM Open 2022"]
[Site "Ahmedabad"]
[Date "2022.04.03"]
[Round "5.9"]
[White "Neelash Saha"]
[Black "Bharat Kumar Reddy Poluri"]
[Result "1-0"]
[WhiteElo "2445"]
[BlackElo "2263"]
[Annotator "TA"]
[PlyCount "43"]
[EventDate "2022.03.31"]
[EventType "swiss"]
[EventCountry "IND"]
[SourceTitle "playchess.com"]
[Source "ChessBase"]
[SourceQuality "1"]

{[%evp 12,43,17,18,19,16,21,27,39,30,37,28,42,27,39,25,54,53,70,62,88,91,141,153,161,154,146,161,252,260,325,308,547,545]} 1. d4 e6 2. c4 Nf6 3. Nf3 d5 4. Nc3 Bb4 5. cxd5 exd5 6. Bg5 h6 7. Bh4 Bf5 {7...Bf5 is the modern continuation. D38: Queen's Gambit Declined: Ragozin Defence (4 Nf3 Bb4).} 8. Qa4+ Nc6 9. e3 {[%cal Of1a6]} O-O {White has an edge.} 10. Bb5 {[#]} Qd6 $146 ({Predecessor:} 10... g5 11. Bg3 Bxc3+ 12. bxc3 Ne7 13. Nd2 Ng6 14. h3 a6 15. Be2 Re8 16. O-O h5 {½-½ (60) Basso,P (2541)-Donchenko,A (2657) Reykjavik 2021}) 11. O-O Bxc3 12. bxc3 {[%cal Bb2c3,Bc3c4,Bc4d5][%mdl 32]} Ne4 13. Rfc1 a6 14. Bxc6 bxc6 15. c4 Rfb8 16. Ne5 g5 (16... c5 $142) 17. Bg3 $16 Nxg3 18. hxg3 c5 19. cxd5 cxd4 (19... Rb5 {was called for.} 20. Nc6 cxd4) 20. Qxd4 $18 {Strongly threatening e4.} Rb5 21. e4 Re8 $2 {[#]} (21... c5 {keeps fighting.} 22. Nc4 Qe7) 22. Nc4 {Weighted Error Value: White=0.01 (flawless) /Black=0.35} ({Inferior is} 22. exf5 Qxe5 23. Qxe5 Rxe5 $11) 1-0